From Centrally Planned to Market Economies <The> Asian Approach

Na minha lista:
Detalhes bibliográficos
Outros Autores: Rana, Pradumna B., Hamid, Naved
Formato: Livro
Idioma:inglês
Publicado em: Hong Kong Oxford University Press 1995
Edição:1. ed.
Assuntos:
Tags: Adicionar Tag
Sem tags, seja o primeiro a adicionar uma tag!

MARC

LEADER 00000nam a2200000 4500
001 c014949
005 20221205133025.4
020 |a 0-19-586602-9 
041 0 |a eng 
044 |a HK 
245 1 0 |a From Centrally Planned to Market Economies  |b <The> Asian Approach  |c Edit. Pradumna B. Rana, Naved Hamid 
250 |a 1. ed. 
264 1 |a Hong Kong  |b Oxford University Press  |c 1995 
300 |a 255 s. 
610 2 0 |a politika hospodárska 
610 2 0 |a situácia hospodárska 
610 2 0 |a Ázia 
610 2 0 |a reformy hospodárske 
700 1 |a Rana, Pradumna B. 
700 1 |a Hamid, Naved